00882nam a2200241Ia 4500003000900000008004100009020001800050040001600068080002200084111006800106245020500174260005800379300001700437490003400454650001600488650002100504650002100525650000800546650001300554700002400567700002200591700002700613IN-BaIIA211028s9999 xx 000 0 eng d a1-58381-077-3 cIIA Library a082.2:52bASP-240 a20th Anniversary of the VLAcNew Mexico, U.S.A.d2000 May 21-14 0aGas and galaxy evolutionbproceedings of a conference in honor of the 20th anniversary of the VLA held in New Mexico, U.S.A., May 21-14, 2000cedited by J. E. Hibbard, M. P. Rupen and J. H. Van Gorkom aCaliforniabAstronomical Society of the Pacificc2001 axxxix, 887p. aASP conference series; v. 240 aDark matter aGalaxy evolution aGalaxy formation aGas aUniverse aHibbard, J. E., ed. aRupen, M. P., ed. aVan Gorkom, J. H., ed.